Regions: statistical yearbook 2006 data 2000-2004

Gespeichert in:
Bibliographische Detailangaben
Körperschaften: European Commission, Eurostat
Format: Buch
Sprache:Englisch
Deutsch
Französisch
Veröffentlicht: Luxembourg Office for Official Publications of the European Communities 2005
Schriftenreihe:Panorama of the European Union
Schlagworte:
Tags: Tag hinzufügen
Keine Tags, Fügen Sie das erste Tag hinzu!

MARC

LEADER 00000nam$a2200000$$$4500
001 0057801
005 20221221130546.3
020 |a 92-79-01801-9 
022 |a 1681-9322 
041 0 |a eng 
041 0 |a ger 
041 0 |a fre 
044 |a LU 
245 1 0 |a Regions: statistical yearbook 2006  |b data 2000-2004 
264 1 |a Luxembourg  |b Office for Official Publications of the European Communities  |c 2005 
300 |a CD-ROM 
490 1 |a Panorama of the European Union 
830 0 |a Panorama of the European Union 
610 2 0 |a regióny 
610 2 0 |a populácia 
610 2 0 |a poľnohospodárstvo 
610 2 0 |a produkt domáci hrubý 
610 2 0 |a trh práce 
610 2 0 |a doprava 
610 2 0 |a veda 
610 2 0 |a technológia 
610 2 0 |a inovácia 
610 2 0 |a podnikanie 
610 2 0 |a zdravotníctvo 
610 2 0 |a urbanizmus 
610 2 0 |a vzdelávanie 
610 2 0 |a doprava 
610 2 0 |a údaje štatistické 
610 2 0 |a porovnanie medzinárodné 
610 2 0 |a Európska únia 
610 2 0 |a 2000-2004 
710 2 |a European Commission 
710 2 |a Eurostat